| 000 | 00552nam a2200169Ia 4500 | ||
|---|---|---|---|
| 003 | Ost | ||
| 005 | 20260507075701.0 | ||
| 008 | 260507s9999||||xx |||||||||||||| ||und|| | ||
| 040 | _cfsecg | ||
| 041 | _aara | ||
| 100 |
_aسلطان، محمد سعيد انور _eمؤلف |
||
| 245 | 0 |
_aادارة الموارد البشرية / _c محمد سعيد انور سلطان |
|
| 260 |
_aالاسكندرية: _bدار الجامعة الجديدة للنشر, _c2003 |
||
| 300 | _a526 صفحة؛ | ||
| 653 | _aموارد بشرية | ||
| 942 | _cكتاب | ||
| 999 |
_c45825 _d45825 |
||